000 01197cam a2200361 a 4500
001 14785735
003 OSt
005 20210411103110.0
008 070327s2008 nyua b 001 0 eng
010 _a 2007925709
020 _a9780387356648 (alk. paper)
040 _aDLC
_cDLC
_dDLC
050 0 0 _aRC927
_b.P67 2008
080 _a617.3
_bP-92
082 0 0 _a616.7/23
_222
245 0 0 _aPrimer on the rheumatic diseases /
_cedited by John H. Klippel ... [et al.].
250 _a13th ed.
260 _aNew York, NY :
_bSpringer,
_cc2008.
300 _axix, 721 p. :
_bill. (some col.) ;
_c28 cm.
365 _b18.87 usd
504 _aIncludes bibliographical references and index.
650 0 _aRheumatism.
650 0 _aMedicine
_969
650 0 _aArthritis.
653 _aრევმატიზმი
653 _aმედიცინა
653 _aართრიტები
700 1 _aKlippel, John H.
856 4 1 _3Table of contents only
_uhttp://www.loc.gov/catdir/toc/fy1001/2007925709.html
906 _a7
_bcbc
_corignew
_d2
_eepcn
_f20
_gy-gencatlg
942 _2udc
_cBK
_e13
999 _c39
_d39